000 01281nam a2200325 4500
003 OSt
005 20231110120652.0
008 231020s2016 it ad||f |||| 001 0 eng d
020 _a 9789264253223 (OCDE)
020 _a 9789251092965 (FAO)
040 _erda
_cCHAP
082 0 0 _222
_a338.1
_bO15y 2016
245 0 1 _aOECD-FAO Agricultural Outlook 2016-2025 /
_cpor OECD, FAO
246 _aOECD-FAO Agricultural Outlook 2016-2025 /
_bspecial focus sub-saharan Africa.
264 1 _aParis:
_bFAO:
_bOCDE,
_c2016.
300 _a133 páginas:
_bIlustraciones, cuadros, gráficas, tablas
336 _2rdacontent
_atexto
_btxt
337 _2rdamedia
_asin medio
_bn
338 _2rdacarrier
_avolumen
_bnc
500 _aContenido con enfoque especial en África subsahariana
504 _aIncluye índice y bibliografía
650 0 _9139697
_aProducción agrícola
_xEstadísticas
650 4 _9103673
_aSeguridad alimentaria
650 7 _91198
_aAgricultura
_xAspectos económicos
_xAfrica
650 7 _9188161
_aProducción agrícola
_zÁfrica
710 2 _983559
_aOrganización para la Cooperación y el Desarrollo Económicos. París
710 2 _9144278
_aOrganización de las Naciones Unidas para la Agricultura y la Alimentación (FAO)
942 _2ddc
942 _cLIBRO
999 _c219302
_d219302